Milletin hizmetinde Adalet Partisi 1965-1971 (Record no. 7706)

MARC details
000 -BAŞLIK
Sabit Uzunlukta Kontrol Alanı 00806na a2200265 4500
001 - KONTROL NUMARASI
Denetim Alanı 21026
003 - KONTROL NUMARASI IDENTIFIER
Denetim Alanı MIRAKIL
005 - SON İŞLEM TARİHİ VE ZAMANI
Denetim Alanı 20181213155147.0
008 - SABİT-BOY VERİ ELEMANLARI - GENEL BİLGİLER
Sabit Uzunlukta Kontrol Alanı 170130b tu 000 0
035 ## - SİSTEM KONTROL NUMARASI
Sistem Kontrol Numarası 21026
040 ## - KATALOGLAMA KAYNAK
Orijinal Kataloglama Ajansı Milas
Kataloglama Dili tur
Metne Dönüştürmek Ajansı TR-AnCHP
041 ## - DİL KODU
Metin / Ses Parça Veya Ayrı Başlığın Dil Kodu tur
082 ## - DEWEY ONLU SINIFLANDIRMA NUMARASI
Sınıflandırma Numarası 324.2383
Ürün Numarası A22m 1972
090 ## - SINIFLAMA NUMARASI
Sınıflama Numarası 324.2383 A22m 1972
110 ## - ANA GİRİŞ - KURUMSAL ADI
Giriş Elemanı Olarak Kurumsal Ad Veya Yargı Alanı Adı Adalet Partisi (AP)
245 ## - BAŞLIK TABLOSU
Başlık Milletin hizmetinde Adalet Partisi 1965-1971
Sorumluluk Tablosu, Vb AP
260 ## - YAYIN, DAĞITIM, VB
Yayın, Dağıtım, Vb Yeri Ankara
Yayıncı, Dağıtıcı, Vs Adı AP
Yayın, Dağıtım, Vb Tarihi 1972
Üretici Firma Ayyıldız Matbaası
300 ## - FİZİKSEL TANIM
Kapsam 240 s.
Boyutlar 19 sm.
490 ## - SERİSİ TABLOSU
Seri Beyanı Adalet Partisi Genel Merkez Yayınları
Hacim / Ardışık Tanımı 50
610 ## - KONU KATMA GİRİŞ - TOPLANTI ADI
Giriş Elemanı Olarak Kurumsal Ad Veya Yargı Alanı Adı Adalet Partisi (AP)
Genel Alt Bölüm Propaganda ve ideolojiler
650 ## - KONU KATMA GİRİŞ - TOPİKAL DÖNEM
Topikal Süreli Veya Coğrafi Ad Giriş Elemanı Siyasal partiler
Genel Alt Bölümü Parti türleri
Kronolojik Alt Bölümü Milliyetçi partiler
Coğrafi Alt Bölümü Türkiye
710 ## - KATMA GİRİŞ - KURUMSAL ADI
Giriş Elemanı Olarak Kurumsal Ad Veya Yargı Alanı Adı Adalet Partisi (AP)
830 ## - SERİSİ EKLENDİ GİRİŞ - ÜNİFORM ADI
Üniforma Başlık Adalet Partisi
942 ## - EKLENDİ GİRİŞ ELEMANLARI (KOHA)
Sınıflandırma Veya Raf Düzeni Kaynak Dewey Decimal Classification
Koha Öğesi Türü Books
999 ## - SİSTEM KONTROL NUMARALARI (KOHA)
Koha Biblionumber 7706
Koha Biblioitemnumber 7706
Holdings
Kalıcı Konum Mevcut Konum Edinme Tarihi Edinim Kaynak Toplam Check-Out'Lar Tam Çağrı Numarası Barkod Tarih Son Görülme İtibaren Geçerli Fiyatlar Koha Öğesi Türü
CHP Kütüphanesi CHP Kütüphanesi 01/30/2017 Bağış   324.2383 A22m 1972 012723 01/30/2017 01/30/2017 Books